000 00309nam a22001337a 4500
020 _a9780593057711
082 _a813.54 BRO
100 _aBrown, Dan
_99885
245 _aThe da vinci code
260 _aLONDON
_bBANTAM
_c2004
300 _a467P
650 _aSPECIAL ILLUSTRATED EDITION
_969243
942 _cBK
999 _c576617
_d576617